| 000 -CABECERA |
| Longitud fija campo de control |
00509nam a2200193 a 4500 |
| 001 - NÚMERO DE CONTROL |
| Número de control |
3588 |
| 003 - IDENTIFICADOR DEL NÚMERO DE CONTROL |
| Identificador del número de control |
CDMR |
| 005 - FECHA Y HORA DE LA ÚLTIMA TRANSACCIÓN |
| Fecha y hora de la última transacción |
20131111104119.0 |
| 008 - CÓDIGOS DE INFORMACIÓN DE LONGITUD FIJA |
| Códigos de información de longitud fija |
130130s1953||||||||||||||||||||||||||||d |
| 040 ## - FUENTE DE LA CATALOGACIÓN |
| Centro catalogador de origen |
CDMR |
| Lengua de catalogación |
cat |
| Centro transcriptor |
CDMR |
| 110 2# - PUNTO DE ACCESO PRINCIPAL-NOMBRE DE ENTIDAD CORPORATIVA |
| 9 (RLIN) |
2558 |
| Nombre de entidad corporativa o nombre de jurisdicción como elemento inicial |
Associated Press |
| 245 14 - MENCIÓN DE TÍTULO |
| Título |
The Associated Press Style Book |
| 250 ## - MENCIÓN DE EDICIÓN |
| Mención de edición |
G.P. Winkler |
| 260 ## - PUBLICACIÓN, DISTRIBUCIÓN, ETC. (PIE DE IMPRENTA) |
| Lugar de publicación, distribución, etc. |
New York |
| Fecha de publicación, distribución, etc. |
1953 |
| Nombre del editor, distribuidor, etc. |
The Associated Press |
| 300 ## - DESCRIPCIÓN FÍSICA |
| Extensión |
64 p. |
| 500 ## - NOTA GENERAL |
| Nota general |
Conté dos fullets solts. |
| 654 ## - PUNTO DE ACCESO ADICIONAL DE MATERIA - TÉRMINO DE MATERIA FACETADOS |
| 9 (RLIN) |
3086 |
| Término principal |
Periodisme |
| Subdivisión de forma |
Llibres d'estil |
| 942 ## - ENTRADA DE ELEMENTOS AGREGADOS (KOHA) |
| Koha [por defecto] tipo de item |
Monografies |
| Fuente de clasificaión o esquema |
|